Voyage au Japon

Pendant la mission politique que j'ai remplie au japon, et dont it ne sera d'ailleurs pas question dans les pages suivantes, j'avais un attache avec lequel j'aimais a passer les journees de loisir que la lentueur des negociations nous procurait en abondance.

Saved in:
Bibliographic Details
Main Author: Humbert, Aimé
Format: Book
Language:Undetermined
Published: Paris, France Library Hachette 1986
Tags: Add Tag
No Tags, Be the first to tag this record!
Institutions: Trung tâm Học liệu Trường Đại học Cần Thơ
LEADER 00706nam a2200181Ia 4500
001 CTU_113246
008 210402s9999 xx 000 0 und d
082 |a 915.2034 
082 |b H919 
100 |a Humbert, Aimé 
245 0 |a Voyage au Japon 
245 0 |c Aimé Humbert 
260 |a Paris, France 
260 |b Library Hachette 
260 |c 1986 
520 |a Pendant la mission politique que j'ai remplie au japon, et dont it ne sera d'ailleurs pas question dans les pages suivantes, j'avais un attache avec lequel j'aimais a passer les journees de loisir que la lentueur des negociations nous procurait en abondance. 
904 |i Minh 
980 |a Trung tâm Học liệu Trường Đại học Cần Thơ